[Event "Central Region-ch U16 Girls"]
[Site "Duitama"]
[Date "2012.05.11"]
[Round "4.7"]
[White "Camacho Moreno, Deisy Johana"]
[Black "Quinayas, Paula Andrea"]
[Result "0-1"]
[WhiteElo "1300"]
[BlackElo "1337"]
[PlyCount "66"]
[EventDate "2012.05.10"]
[EventType "swiss"]
[EventRounds "6"]
[EventCountry "COL"]
[SourceTitle "EXT 2024"]
[Source "ChessBase"]
[SourceDate "2023.10.10"]
[SourceVersion "1"]
[SourceVersionDate "2023.10.10"]
[SourceQuality "1"]

1. e4 e5 2. Nf3 Nc6 3. Nc3 g6 4. d4 Nf6 5. Bg5 d5 6. g3 Bb4 7. Bb5 Bxc3+ 8. bxc3 Bd7 9. exd5 Na5 10. Rb1 Bxb5 11. Rxb5 Nc4 12. dxe5 h6 13. Bh4 a6 14. Rb1 g5 15. exf6 gxh4 16. Nxh4 Qd6 17. Qe2+ Kf8 18. Qxc4 b5 19. Qd3 Qe5+ 20. Kf1 Qxf6 21. Qd4 Qxd4 22. cxd4 Rd8 23. Rd1 Rxd5 24. Rd3 f5 25. Rf3 Rxd4 26. Rxf5+ Ke8 27. c3 Rd1+ 28. Ke2 Rxh1 29. Re5+ Kf7 30. Kf3 Rc1 31. Ke3 Rxc3+ 32. Kd4 Rc4+ 33. Kd5 Rd8# 0-1